000 00484nam a22001577a 4500
003 macl
005 20240711133248.0
008 240711b |||||||| |||| 00| 0 eng d
040 _cmacl
082 _a510
100 _aजैन ,महेंद्र
_982461
245 _aप्रतियोगिता दर्पण संख्यात्मक अभियोग्यता
260 _aAGAR
_bPRATIYOGITA DARAN
650 _aMATH
_932113
942 _2ddc
_cC. BOOKS
999 _c66965
_d66965